[Event "Maresme op 14th"]
[Site "Maresme"]
[Date "2017.11.04"]
[Round "5"]
[White "Servent Alvarez, Jordi"]
[Black "Garcia Garcia, Candido"]
[Result "1-0"]
[WhiteElo "1852"]
[BlackElo "1699"]
[PlyCount "99"]
[EventDate "2017.09.30"]
[EventType "swiss"]
[EventRounds "9"]
[EventCountry "ESP"]
[SourceTitle "CBM 181 Extra"]
[Source "ChessBase"]
[SourceDate "2017.12.12"]
[SourceVersion "1"]
[SourceVersionDate "2017.12.12"]
[SourceQuality "1"]

1. Nf3 Nf6 2. d4 d5 3. c4 e6 4. Nc3 Bb4 5. Qa4+ Nc6 6. Bg5 Bd7 7. Qb3 dxc4 8. Qxc4 h6 9. Bh4 g5 10. Bg3 Ne4 11. a3 Bxc3+ 12. bxc3 Nxg3 13. hxg3 Qf6 14. e4 0-0-0 15. Be2 h5 16. Rb1 b6 17. a4 g4 18. e5 Qe7 19. Nh4 Kb8 20. Bd3 a5 21. Be4 Na7 22. 0-0 Bc8 23. Rb2 Bb7 24. Bxb7 Kxb7 25. Rfb1 Rd5 26. Qe2 Qd7 27. Qe4 Kc8 28. c4 Nc6 29. cxd5 exd5 30. Qf5 Nxd4 31. Qxd7+ Kxd7 32. Rd2 Nc6 33. Rxd5+ Ke6 34. Rd3 Rd8 35. Rxd8 Nxd8 36. f4 Nb7 37. Rc1 Nc5 38. Kf1 c6 39. Ke2 Nxa4 40. Rxc6+ Kd5 41. Rc7 Nc5 42. Nf5 a4 43. Ne3+ Kd4 44. Rc6 b5 45. f5 b4 46. Nc2+ Kc4 47. e6 fxe6 48. fxe6 b3 49. Na3+ Kd5 50. Rxc5+ 1-0

[Event "Maresme op 14th"]
[Site "Maresme"]
[Date "2017.10.21"]
[Round "3"]
[White "Servent Alvarez, Jordi"]
[Black "Roig Ruiz, Carles"]
[Result "1-0"]
[WhiteElo "1852"]
[BlackElo "1794"]
[PlyCount "98"]
[EventDate "2017.09.30"]
[EventType "swiss"]
[EventRounds "9"]
[EventCountry "ESP"]
[SourceTitle "CBM 181 Extra"]
[Source "ChessBase"]
[SourceDate "2017.12.12"]
[SourceVersion "1"]
[SourceVersionDate "2017.12.12"]
[SourceQuality "1"]

1. d4 g6 2. c4 Bg7 3. Nc3 Nf6 4. Nf3 0-0 5. g3 d6 6. Bg2 Nbd7 7. 0-0 e5 8. e4 c6 9. Qc2 Ng4 10. Rd1 f5 11. h3 exd4 12. Nxd4 Bxd4 13. Rxd4 Qf6 14. Qd2 Nge5 15. Rxd6 Qf7 16. b3 fxe4 17. Nxe4 Nf3+ 18. Bxf3 Qxf3 19. Qe3 Ne5 20. Ng5 Qxe3 21. Bxe3 h6 22. Bd4 hxg5 23. Bxe5 Kh7 24. g4 Re8 25. Re1 Be6 26. Bf6 Bf7 27. Rxe8 Rxe8 28. Rd7 Re1+ 29. Kg2 Kg8 30. Rxb7 a5 31. Bc3 Re4 32. Rb8+ Be8 33. Kf3 Re7 34. Bxa5 Kf7 35. Bb4 c5 36. Bxc5 Bc6+ 37. Kg3 Re1 38. f3 Ra1 39. Rf8+ Ke6 40. Rg8 Kf7 41. Rc8 Bd7 42. Rc7 Ke6 43. a4 Rb1 44. b4 Bxa4 45. b5 Bd1 46. Re7+ Kf6 47. Re8 Rc1 48. Be7+ Kf7 49. Bxg5 Rxc4 1-0

[Event "Barcelona Barri Gotic op 3rd"]
[Site "Barcelona"]
[Date "2014.04.07"]
[Round "1"]
[White "Perez Pastora, Evaristo"]
[Black "Servent Alvarez, Jordi"]
[Result "1-0"]
[WhiteElo "2248"]
[BlackElo "1965"]
[PlyCount "65"]
[EventDate "2014.04.07"]
[EventType "swiss"]
[EventRounds "8"]
[EventCountry "ESP"]
[SourceTitle "CBM 160 Extra"]
[Source "ChessBase"]
[SourceDate "2014.07.01"]
[SourceVersion "1"]
[SourceVersionDate "2014.07.01"]
[SourceQuality "1"]

1. e4 b6 2. d4 Bb7 3. Nc3 Nf6 4. Bd3 e6 5. Nge2 Bb4 6. 0-0 c5 7. e5 Nd5 8. Nxd5 Bxd5 9. c3 Ba5 10. Nf4 0-0 11. Nxd5 exd5 12. Qh5 g6 13. Qh6 f5 14. Bg5 Qe8 15. Bf6 Rf7 16. h4 c4 17. Bc2 Qe6 18. h5 Rxf6 19. exf6 Qxf6 20. Rae1 Nc6 21. Re3 Rf8 22. hxg6 hxg6 23. Rg3 Ne7 24. Re1 Rf7 25. Rh3 b5 26. Qf4 Nc6 27. g4 Bd8 28. gxf5 gxf5 29. Re8+ Kg7 30. Rg3+ Kh7 31. Qf3 Rg7 32. Bxf5+ Kh6 33. Rh8+ 1-0

[Event "Barcelona Primavera La Lira op 4th"]
[Site "Barcelona"]
[Date "2011.05.12"]
[Round "6"]
[White "Garcia Perez, Jose Ramon"]
[Black "Servent Alvarez, Jordi"]
[Result "0-1"]
[WhiteElo "1680"]
[BlackElo "1866"]
[PlyCount "88"]
[EventDate "2011.03.31"]
[EventType "swiss"]
[EventRounds "9"]
[EventCountry "ESP"]
[SourceTitle "EXT 2012"]
[Source "ChessBase"]
[SourceDate "2011.11.24"]
[SourceVersion "1"]
[SourceVersionDate "2011.11.24"]
[SourceQuality "1"]

1. e4 e5 2. Nf3 Nc6 3. Bc4 Bc5 4. c3 Qe7 5. d3 h6 6. Nbd2 d6 7. Nf1 Nf6 8. Ng3 0-0 9. 0-0 Na5 10. Bb5 a6 11. Ba4 Nc6 12. h3 b5 13. Bb3 Be6 14. Bc2 Bb6 15. Re1 Rfe8 16. Nh4 d5 17. Nhf5 Qd8 18. Qf3 d4 19. Kh2 Bc5 20. Rg1 Bf8 21. Ne2 Bxf5 22. Qxf5 g6 23. Qf3 dxc3 24. bxc3 Bg7 25. g4 Nh7 26. Bb3 Qf6 27. Qg3 g5 28. Qg2 Rad8 29. Bc2 b4 30. Ng3 bxc3 31. Nh5 Qd6 32. Qf3 Nd4 33. Qd1 Nf6 34. Ba4 Nxh5 35. Bxe8 c2 36. Bxf7+ Kxf7 37. Qf1 Nf3+ 38. Kh1 Nxg1 39. gxh5 Nf3 40. Qe2 Qxd3 41. Qxd3 Rxd3 42. Kg2 Ne1+ 43. Kf1 Rd1 44. Ke2 Nd3 0-1

[Event "Barcelona Primavera La Lira op 4th"]
[Site "Barcelona"]
[Date "2011.04.07"]
[Round "2"]
[White "Servent Alvarez, Jordi"]
[Black "Fernandez Panzano, Jose Juan"]
[Result "0-1"]
[WhiteElo "1866"]
[BlackElo "1596"]
[PlyCount "104"]
[EventDate "2011.03.31"]
[EventType "swiss"]
[EventRounds "9"]
[EventCountry "ESP"]
[SourceTitle "EXT 2012"]
[Source "ChessBase"]
[SourceDate "2011.11.24"]
[SourceVersion "1"]
[SourceVersionDate "2011.11.24"]
[SourceQuality "1"]

1. e4 e5 2. Nf3 Nc6 3. d3 Nf6 4. g3 d6 5. Bg2 Be7 6. 0-0 0-0 7. Nbd2 Bg4 8. c3 Qd7 9. Re1 h6 10. Qc2 Bh3 11. Bh1 Qg4 12. Nc4 Qg6 13. Ne3 Nh5 14. Ng2 Bxg2 15. Bxg2 Qe6 16. d4 Nd8 17. c4 exd4 18. Nxd4 Qg6 19. Qb3 Nc6 20. Nxc6 bxc6 21. Qa4 Bf6 22. Qxc6 Rab8 23. Rb1 Bd4 24. b3 Bb6 25. Be3 Bxe3 26. Rxe3 Nf6 27. h3 Rb6 28. Qxc7 d5 29. Qxa7 Rfb8 30. Rbe1 dxc4 31. bxc4 Rb2 32. R3e2 Rb1 33. e5 Rxe1+ 34. Rxe1 Rb1 35. Rxb1 Qxb1+ 36. Kh2 Nh7 37. Bd5 Qf5 38. Qd4 Ng5 39. g4 Nf3+ 40. Bxf3 Qxf3 41. c5 Qa3 42. Qd5 Qb2 43. Kg2 Qc1 44. c6 h5 45. Qd8+ Kh7 46. c7 Qc6+ 47. Kg3 Qc3+ 48. Kg2 Qc6+ 49. f3 Qc2+ 50. Kg3 g5 51. gxh5 Qc1 52. c8Q Qg1# 0-1

[Event "Barcelona Ateneu Colon 3rd op"]
[Site "Barcelona"]
[Date "2008.04.29"]
[Round "4.10"]
[White "Martorell Aubanell, Adria"]
[Black "Servent Alvarez, Jordi"]
[Result "1/2-1/2"]
[WhiteElo "2055"]
[BlackElo "1875"]
[PlyCount "78"]
[EventDate "2008.04.08"]
[EventType "swiss"]
[EventRounds "9"]
[EventCountry "ESP"]
[SourceTitle "EXT 2024"]
[Source "ChessBase"]
[SourceDate "2023.10.10"]
[SourceVersion "1"]
[SourceVersionDate "2023.10.10"]
[SourceQuality "1"]

1. Nf3 d5 2. d4 Nf6 3. Bf4 Bf5 4. e3 e6 5. Be2 Nh5 6. Bg5 Be7 7. Bxe7 Qxe7 8. 0-0 Nf6 9. c4 c6 10. Nc3 Nbd7 11. Qb3 Rb8 12. cxd5 exd5 13. Rac1 0-0 14. a4 a5 15. Rfe1 h6 16. Bf1 Qd6 17. Ne2 Ne4 18. Red1 Ndf6 19. Ne5 Nd7 20. f3 Nxe5 21. dxe5 Qxe5 22. fxe4 Bxe4 23. Qc3 Qg5 24. Ng3 Bg6 25. Qd4 Rbe8 26. Re1 Re6 27. Qf4 Qe7 28. Rc3 Re8 29. Qd4 f5 30. Bd3 Qg5 31. Rf1 Rxe3 32. Nxf5 Bxf5 33. Bxf5 Re1 34. Rcf3 R8e2 35. Bh3 Re4 36. Qf2 Rxf1+ 37. Qxf1 Qe7 38. Kf2 Qc5+ 39. Kg3 Qd6+ 1/2-1/2

[Event "Barcelona Sant Marti op 05th"]
[Site "Barcelona"]
[Date "2003.05.10"]
[Round "3.35"]
[White "Servent Alvarez, Jordi"]
[Black "Rubies, Ramon"]
[Result "1-0"]
[WhiteElo "1925"]
[BlackElo "1700"]
[PlyCount "100"]
[EventDate "2003.04.26"]
[EventType "swiss"]
[EventRounds "9"]
[EventCountry "ESP"]
[SourceTitle "EXT 2004"]
[Source "ChessBase"]
[SourceDate "2003.11.25"]
[SourceVersion "1"]
[SourceVersionDate "2003.11.25"]
[SourceQuality "1"]

1. d4 Nf6 2. c4 g6 3. Nc3 Bg7 4. e4 d6 5. f3 0-0 6. Be3 e5 7. d5 Ne8 8. Bd3 f5 9. exf5 gxf5 10. Qc2 f4 11. Bxh7+ Kh8 12. Bf2 Qg5 13. g4 e4 14. Bxe4 Qe5 15. 0-0-0 Nf6 16. Bd4 Qe7 17. Re1 a6 18. h4 Nxe4 19. Bxg7+ Qxg7 20. Qxe4 Nd7 21. Nh3 Nc5 22. Qc2 Bd7 23. Ng5 Rae8 24. Nge4 Qd4 25. Nxc5 Qxc5 26. Ne4 Qd4 27. Ng5 Qg7 28. Ne6 Bxe6 29. Rxe6 Rxe6 30. dxe6 Qe5 31. Qc3 Re8 32. Re1 Qxc3+ 33. bxc3 Kg7 34. Re4 Kg6 35. Kd2 Re7 36. a4 a5 37. Kd3 c5 38. Ke2 Kh6 39. Kd3 Kg6 40. Kd2 Kh6 41. Rxf4 Rxe6 42. Rf7 b6 43. Rb7 d5 44. cxd5 Rd6 45. c4 Kg6 46. Ke3 Kf6 47. Kf4 Kg6 48. Ke5 Rf6 49. f4 Rf8 50. Rxb6+ Kg7 1-0

[Event "Barcelona Sant Marti op 04th"]
[Site "Barcelona"]
[Date "2002.05.18"]
[Round "7.15"]
[White "Servent Alvarez, Jordi"]
[Black "Ruiz Pena, Juan Jose"]
[Result "1/2-1/2"]
[WhiteElo "1890"]
[BlackElo "1935"]
[PlyCount "46"]
[EventDate "2002.04.06"]
[EventType "swiss"]
[EventRounds "9"]
[EventCountry "ESP"]
[SourceTitle "EXT 2003"]
[Source "ChessBase"]
[SourceDate "2002.11.25"]
[SourceVersion "1"]
[SourceVersionDate "2002.11.25"]
[SourceQuality "1"]

1. d4 f5 2. g3 Nf6 3. Bg2 g6 4. c4 Bg7 5. Nf3 0-0 6. 0-0 d6 7. Nc3 Nc6 8. d5 Ne5 9. Nxe5 dxe5 10. Qb3 e4 11. Rd1 Kh8 12. Bd2 c6 13. Be3 Qc7 14. Rac1 Bd7 15. dxc6 bxc6 16. Bc5 Be6 17. Qa4 Rfd8 18. e3 Rxd1+ 19. Rxd1 Nd7 20. Bxe7 Nb6 21. Qb4 Bxc4 22. Bf1 Bxf1 23. Kxf1 Re8 1/2-1/2

[Event "Barcelona Sant Marti op 04th"]
[Site "Barcelona"]
[Date "2002.05.11"]
[Round "6.12"]
[White "Zapata Rios, Pedro"]
[Black "Servent Alvarez, Jordi"]
[Result "1-0"]
[WhiteElo "1960"]
[BlackElo "1890"]
[PlyCount "76"]
[EventDate "2002.04.06"]
[EventType "swiss"]
[EventRounds "9"]
[EventCountry "ESP"]
[SourceTitle "EXT 2003"]
[Source "ChessBase"]
[SourceDate "2002.11.25"]
[SourceVersion "1"]
[SourceVersionDate "2002.11.25"]
[SourceQuality "1"]

1. e4 d5 2. exd5 Qxd5 3. Nc3 Qa5 4. d4 Nf6 5. Nf3 c6 6. Bc4 Bg4 7. h3 Bxf3 8. Qxf3 e6 9. Bd2 Qc7 10. Qe2 Be7 11. Bb3 Nbd7 12. 0-0-0 Nb6 13. Rhe1 0-0-0 14. g3 Nbd5 15. Nxd5 cxd5 16. Kb1 Kb8 17. c4 dxc4 18. Bxc4 Qb6 19. Bf4+ Bd6 20. Be5 Ka8 21. Rd3 Bxe5 22. Qxe5 Qb4 23. Rc1 Rc8 24. Rb3 Qd2 25. Qb5 Rc7 26. Qe5 Rhc8 27. Rbc3 Nd7 28. Qe3 Qxe3 29. fxe3 Nb6 30. Bb3 Rxc3 31. Rxc3 Rxc3 32. bxc3 Nd5 33. Bxd5 exd5 34. Kc2 b5 35. a4 bxa4 36. Kb2 Kb7 37. Ka3 Kb6 38. Kxa4 f5 1-0

[Event "Barceloneta op"]
[Site "Barcelona"]
[Date "2001.10.06"]
[Round "2"]
[White "Gallego Montes, Antonio"]
[Black "Servent Alvarez, Jordi"]
[Result "1-0"]
[WhiteElo "2125"]
[BlackElo "1890"]
[PlyCount "49"]
[EventDate "2001.09.29"]
[EventType "swiss"]
[EventRounds "9"]
[EventCountry "ESP"]
[SourceTitle "CBM 085 Extra"]
[Source "ChessBase"]
[SourceDate "2002.01.21"]
[SourceVersion "1"]
[SourceVersionDate "2002.01.21"]
[SourceQuality "1"]

1. e4 d5 2. exd5 Qxd5 3. Nc3 Qa5 4. d4 Nf6 5. Nf3 Bg4 6. Bd2 e6 7. Nb5 Qb6 8. Bf4 Nd5 9. Bd2 c6 10. Nc3 Bxf3 11. Qxf3 Qxd4 12. 0-0-0 Qf6 13. Qg3 Nd7 14. Nxd5 cxd5 15. Bg5 Qe5 16. Bf4 Qf6 17. Bb5 Bc5 18. Rxd5 exd5 19. Re1+ Kf8 20. Bxd7 Bd4 21. c3 Bc5 22. Bb8 Qh6+ 23. Kb1 Qg6+ 24. Ka1 Be7 25. Qc7 1-0